000
00288nam a22001337a 4500
008
170403b xxu||||| |||| 00| 0 eng d
020
_a
9780073514413
041
_a
eng
080
_2
11 ED
_a
574
100
_a
9
101
_a
SHM
245
_a
TAKING SIDES
_c
EASTON.TH.A
942
_2
udc
_c
BK
999
_c
9561
_d
9561